000 00412nam a2200157Ia 4500
008 191201s2019 xx 000 0 und d
082 _a615.7 BRB
100 _aBrahmankar, D M
245 0 _aBiopharmaceutics and Pharmacokinetics-A Treatise
250 _a3rd
260 _aNew Delhi
_bNirali Parakshan
_c2012
300 _a544
650 _aPharmacotheraputics
700 _aJaiswal, Sunil.B
942 _2ddc
_cBK
999 _c8354
_d8354